2025-2026 Chicago Bears Roster - Statistics

General Stats
  • This quiz has been taken 57 times
  • The average score is 29 of 52
Answer Stats
Position Name % Correct
Quarterback Caleb Williams
100%
Running Back D’Andre Swift
100%
Wide Receiver D.J. Moore
96%
Wide Receiver Luther Burden III
92%
Wide Receiver Rome Odunze
92%
Tight End Cole Kmet
90%
Tight End Colston Loveland
90%
Running Back Kyle Monangai
90%
Quarterback Tyson Bagent
90%
Safety C.J. Gardner-Johnson
88%
Cornerback Jaylon Johnson
88%
Running Back Roschon Johnson
83%
Cornerback Nahshon Wright
81%
Quarterback Case Keenum
79%
Placekicker Cairo Santos
77%
Offensive Lineman Darnell Wright
77%
Offensive Lineman Joe Thuney
75%
Linebacker T.J. Edwards
73%
Linebacker Tremaine Edmunds
73%
Cornerback Kevin Byard III
69%
Cornerback Kyler Gordon
69%
Defensive Lineman Montez Sweat
69%
Punter Tory Taylor
69%
Offensive Lineman Drew Dalman
65%
Wide Receiver Jahdae Walker
63%
Cornerback Jaquan Brisker
63%
Offensive Lineman Braxton Jones
52%
Wide Receiver Devin Duvernay
52%
Cornerback Jaylon Jones
52%
Cornerback Tyrique Stevenson
50%
Defensive Lineman Gervon Dexter Sr.
44%
Defensive Lineman Grady Jarrett
42%
Offensive Lineman Ozzy Trapilo
42%
Defensive Lineman Austin Booker
40%
Linebacker Noah Sewell
38%
Defensive Lineman Andrew Billings
35%
Offensive Lineman Theo Benedet
35%
Wide Receiver Olamide Zacchaeus
33%
Linebacker Ruben Hyppolite II
31%
Long Snapper Scott Daly
29%
Safety Jonathan Owens
23%
Cornerback Terell Smith
23%
Defensive Lineman Dayo Odeyingbo
21%
Cornerback Josh Blackwell
21%
Offensive Lineman Ryan Bates
21%
Cornerback Elijah Hicks
19%
Offensive Lineman Luke Newman
19%
Cornerback Zah Frazier
17%
Defensive Lineman Dominique Robinson
15%
Defensive Lineman Joe Tryon-Shoyinka
13%
Defensive Lineman Shemar Turner
13%
Defensive Lineman Daniel Hardy
10%
No matching quizzes found
Score Distribution
Percent of People with Each Score
Percentile by Number Answered
Your Score History
You have not taken this quiz